Sports Quiz

Random Sports or NCAA Quiz

States without a NCAA Tourney Team Quiz Stats

 Plays Quiz not verified by Sporcle

Challenge
Share
Tweet
Embed
Score 0/19 Timer 02:00
0 Plays Today
State % Correct
Maine
89.3%
North Dakota
86.1%
New Hampshire
80.9%
Alaska
80.2%
Hawaii
80.2%
Idaho
77.8%
Rhode Island
75%
Oregon
75%
Wyoming
71.1%
South Carolina
68.7%
State % Correct
Delaware
63.3%
Minnesota
62.2%
Georgia
60.9%
Arkansas
60.1%
Arizona
55.3%
Louisiana
54.7%
New Jersey
52.4%
Oklahoma
52%
Illinois
44.8%

You're not logged in!

Compare scores with friends on all Sporcle quizzes.
OR
Log In

You Might Also Like...

Show Comments

Extras

Top Quizzes Today


Score Distribution

Your Account Isn't Verified!

In order to create a playlist on Sporcle, you need to verify the email address you used during registration. Go to your Sporcle Settings to finish the process.

Report this User

Report this user for behavior that violates our Community Guidelines.

Details: